000 01050nam a2200253Ia 4500
003 OSt
005 20251217143237.0
008 221004b |||||||| |||| 00| 0 hin d
020 _a9789326351638 (hbk)
037 _cTB
040 _aCRL
_cCRL
_bhin
041 _2hin
_ahin
084 _aO152,8N37x Q3
_qCL
100 _aठाकुर, खगेन्द्र, ले.
_9857439
245 0 _aईश्वर से भेंटवार्ता
246 _aĪshvar se bheanṭavārtā
260 _aनई दिल्ली :
_bभारतीय ज्ञानपीठ भारत ,
_c2013.
300 _a152पृ0
_ccm.
490 _aलोकोदय ग्रन्थमाला; ग्रन्थांक 1180
650 _a हिन्दी साहित्य
_9857440
650 _aहिन्दी हास्य व्यग्ंय
_9857441
942 _hO152,837x Q3
_cTB
_2CC
_n0
999 _c1019206
_d1019206